[Event "Quebec Montcalm op 5 2018-19"]
[Site "Quebec"]
[Date "2019.02.28"]
[Round "3"]
[White "Fecteau, Martin"]
[Black "Dumont, Eric"]
[Result "1-0"]
[WhiteElo "1951"]
[BlackElo "1675"]
[PlyCount "113"]
[EventDate "2019.02.14"]
[EventType "swiss"]
[EventRounds "5"]
[EventCountry "CAN"]
[SourceTitle "EXT 2022"]
[Source "ChessBase"]
[SourceDate "2021.10.06"]
[SourceVersion "1"]
[SourceVersionDate "2021.10.06"]
[SourceQuality "1"]

1. Nf3 d5 2. d4 Nf6 3. c4 c6 4. g3 g6 5. Bg2 Bg7 6. 0-0 0-0 7. Nc3 dxc4 8. a4 a5 9. Qc2 Nd5 10. Rd1 Nb4 11. Qb1 Bf5 12. e4 Bg4 13. Be3 Nd3 14. Qa2 Bxf3 15. Bxf3 Bxd4 16. Qxc4 Ne5 17. Qe2 Nxf3+ 18. Qxf3 e5 19. Bxd4 exd4 20. Ne2 c5 21. Nf4 Nc6 22. Nd5 f5 23. Qb3 Rf7 24. exf5 gxf5 25. Nf4 Qd6 26. Re1 Ne5 27. Red1 Re8 28. Qb5 Qc6 29. Qxc6 Nxc6 30. Rac1 Re5 31. Nd3 Rd5 32. Nxc5 Re7 33. Kf1 Rde5 34. Nd3 Re2 35. Rc5 f4 36. gxf4 h6 37. b3 R2e4 38. Rd5 Kg7 39. Kg2 Re2 40. Kf3 Rc2 41. Rb5 Rc3 42. Kg4 Rc2 43. Kh5 Rc3 44. Rg1+ Kh7 45. Rg3 Rc2 46. Rb6 Rf7 47. Kg4 Rg7+ 48. Kf5 Rf7+ 49. Ke6 Nd8+ 50. Kd5 Nc6 51. Ne5 Ne7+ 52. Ke6 Rf6+ 53. Kxf6 Nd5+ 54. Ke6 Nxb6 55. f5 Rxf2 56. f6 h5 57. Rg7+ 1-0

[Event "Quebec Montcalm op 5 2018-19"]
[Site "Quebec"]
[Date "2019.02.14"]
[Round "1"]
[White "Dumont, Eric"]
[Black "Auger, Bertrand"]
[Result "0-1"]
[WhiteElo "1675"]
[BlackElo "1896"]
[PlyCount "58"]
[EventDate "2019.02.14"]
[EventType "swiss"]
[EventRounds "5"]
[EventCountry "CAN"]
[SourceTitle "EXT 2022"]
[Source "ChessBase"]
[SourceDate "2021.10.06"]
[SourceVersion "1"]
[SourceVersionDate "2021.10.06"]
[SourceQuality "1"]

1. d4 Nf6 2. Bf4 g6 3. e3 Bg7 4. c4 0-0 5. Nf3 d6 6. Nc3 Nh5 7. Bg5 c5 8. Be2 Nc6 9. Qd2 Bg4 10. d5 Bxf3 11. gxf3 Na5 12. e4 Re8 13. Rb1 b6 14. Qd3 Be5 15. Bf1 Bf4 16. h4 h6 17. Bxf4 Nxf4 18. Qc2 e5 19. Ne2 Qf6 20. Nxf4 Qxf4 21. Qc3 f5 22. Qe3 fxe4 23. fxe4 Rf8 24. b3 Rf6 25. Rb2 Raf8 26. Bh3 Kg7 27. Be6 h5 28. Re2 Nb7 29. Qg3 Qc1# 0-1

[Event "Quebec Montcalm op 4 2018-19"]
[Site "Quebec"]
[Date "2019.01.10"]
[Round "1"]
[White "Dumont, Eric"]
[Black "Desbiens, Raphael"]
[Result "0-1"]
[WhiteElo "1691"]
[BlackElo "2167"]
[PlyCount "122"]
[EventDate "2019.01.10"]
[EventType "swiss"]
[EventRounds "5"]
[EventCountry "CAN"]
[SourceTitle "EXT 2022"]
[Source "ChessBase"]
[SourceDate "2021.10.06"]
[SourceVersion "1"]
[SourceVersionDate "2021.10.06"]
[SourceQuality "1"]

1. d4 Nf6 2. Bf4 d6 3. e3 g6 4. h3 Bg7 5. Nf3 c5 6. c3 Nbd7 7. Be2 0-0 8. 0-0 b6 9. Nbd2 Bb7 10. a4 Re8 11. Nc4 Ne4 12. Ncd2 e5 13. Nxe4 Bxe4 14. dxe5 dxe5 15. Bg3 Qe7 16. Bb5 Bf5 17. Qe2 f6 18. Rfd1 Red8 19. Rd2 e4 20. Ne1 Ne5 21. Rad1 Rxd2 22. Rxd2 Nf7 23. Bc6 Rd8 24. Qd1 Rxd2 25. Qxd2 Bf8 26. Qd5 Kg7 27. Bb8 h5 28. Nc2 h4 29. Na3 Ng5 30. Nb5 Be6 31. Qd1 a6 32. Nd6 Kh7 33. Nxe4 Nxe4 34. Bxe4 Qe8 35. Bf4 Kg7 36. Bc2 Qf7 37. a5 b5 38. Qd8 Bc4 39. Bd6 Bxd6 40. Qxd6 Qd5 41. Qxa6 Qd2 42. Qb7+ Kf8 43. Qe4 f5 44. Qa8+ Kg7 45. Qa7+ Kh6 46. Bxf5 Qd1+ 47. Kh2 Qd6+ 48. f4 gxf5 49. Qb6 Qxb6 50. axb6 Bd5 51. g3 hxg3+ 52. Kxg3 Kh5 53. h4 Kg6 54. Kf2 Kf6 55. h5 Kg7 56. Ke2 Kh6 57. b3 Kxh5 58. Kd2 Kg4 59. c4 bxc4 60. bxc4 Be4 61. Ke2 Kg3 0-1

[Event "Quebec Montcalm op 2 2018-19"]
[Site "Quebec"]
[Date "2018.10.25"]
[Round "3"]
[White "Lapierre, Gaetan"]
[Black "Dumont, Eric"]
[Result "1-0"]
[WhiteElo "1819"]
[BlackElo "1684"]
[PlyCount "73"]
[EventDate "2018.10.11"]
[EventType "swiss"]
[EventRounds "5"]
[EventCountry "CAN"]
[SourceTitle "EXT 2022"]
[Source "ChessBase"]
[SourceDate "2021.10.06"]
[SourceVersion "1"]
[SourceVersionDate "2021.10.06"]
[SourceQuality "1"]

1. e4 c6 2. d4 d5 3. e5 c5 4. c3 Nc6 5. Be3 cxd4 6. cxd4 Bf5 7. Nc3 e6 8. Nf3 Bg4 9. Be2 Nge7 10. Nd2 Bxe2 11. Qxe2 Nf5 12. Nf3 Qb6 13. Rd1 Be7 14. 0-0 0-0 15. g4 Nxe3 16. fxe3 f6 17. exf6 Rxf6 18. Kh1 Raf8 19. Kg2 Bd6 20. e4 Rxf3 21. Rxf3 Rxf3 22. Qxf3 Qxb2+ 23. Ne2 e5 24. Rf1 h6 25. Qf7+ Kh7 26. Rf2 Qc2 27. Qxd5 Be7 28. Ng3 Qd1 29. Qe6 Qxd4 30. Qf5+ Kh8 31. Qc8+ Kh7 32. Qxb7 Bc5 33. Rf7 Ne7 34. Rxe7 Qf2+ 35. Kh3 Qf8 36. Rf7 Qg8 37. Nh5 1-0

[Event "Quebec Montcalm op 1 2018-19"]
[Site "Quebec"]
[Date "2018.09.06"]
[Round "1"]
[White "Sauve, Richard"]
[Black "Dumont, Eric"]
[Result "1/2-1/2"]
[WhiteElo "1918"]
[BlackElo "1661"]
[PlyCount "66"]
[EventDate "2018.09.06"]
[EventType "swiss"]
[EventRounds "5"]
[EventCountry "CAN"]
[SourceTitle "EXT 2022"]
[Source "ChessBase"]
[SourceDate "2021.10.06"]
[SourceVersion "1"]
[SourceVersionDate "2021.10.06"]
[SourceQuality "1"]

1. d4 d5 2. c4 c6 3. e3 Nf6 4. Nc3 Nbd7 5. Nf3 e6 6. Qc2 dxc4 7. Bxc4 Bd6 8. 0-0 Nb6 9. Bb3 0-0 10. e4 Be7 11. Rd1 Bd7 12. Bg5 Ne8 13. Bxe7 Qxe7 14. a4 a5 15. Rac1 Rc8 16. Ne5 c5 17. Nxd7 Nxd7 18. Nb5 Nc7 19. Nxc7 Rxc7 20. d5 exd5 21. exd5 Qd6 22. Qc3 b6 23. Bc4 Nf6 24. Qf3 Re8 25. Re1 Rce7 26. Rxe7 Rxe7 27. h3 Re5 28. Rd1 h6 29. b3 Nh5 30. Qg4 Nf6 31. Qc8+ Re8 32. Qc6 Rd8 33. Qb7 Rd7 1/2-1/2

[Event "Quebec Montcalm op 7 2017-18"]
[Site "Quebec"]
[Date "2018.05.10"]
[Round "3"]
[White "Boissinot, Claude"]
[Black "Dumont, Eric"]
[Result "0-1"]
[WhiteElo "1502"]
[BlackElo "1706"]
[PlyCount "62"]
[EventDate "2018.04.26"]
[EventType "swiss"]
[EventRounds "5"]
[EventCountry "CAN"]
[SourceTitle "EXT 2022"]
[Source "ChessBase"]
[SourceDate "2021.10.06"]
[SourceVersion "1"]
[SourceVersionDate "2021.10.06"]
[SourceQuality "1"]

1. e4 c6 2. d4 d5 3. exd5 cxd5 4. c4 Nf6 5. Nc3 e6 6. Nf3 Nc6 7. h3 b6 8. Be3 Bb7 9. Bd3 Be7 10. 0-0 0-0 11. Rc1 Rc8 12. cxd5 Nxd5 13. Nxd5 Qxd5 14. b3 Rfd8 15. Bc4 Qh5 16. Be2 Qd5 17. Bc4 Qd6 18. Rc2 Nb4 19. Rd2 Nd5 20. Bxd5 Qxd5 21. Qb1 Ba3 22. Rfd1 Rc3 23. Rc2 Rdc8 24. Rxc3 Rxc3 25. Ne1 Qh5 26. Nc2 Be4 27. Rd2 Qg6 28. Qf1 Bxc2 29. Qa6 Be4 30. f4 Qg3 31. Qxa3 Rxe3 0-1

[Event "Quebec Montcalm op 5 2017-18"]
[Site "Quebec"]
[Date "2018.02.22"]
[Round "2"]
[White "Dumont, Eric"]
[Black "Lescarbeau, Martin"]
[Result "0-1"]
[WhiteElo "1721"]
[BlackElo "1660"]
[PlyCount "126"]
[EventDate "2018.02.15"]
[EventType "swiss"]
[EventRounds "5"]
[EventCountry "CAN"]
[SourceTitle "EXT 2022"]
[Source "ChessBase"]
[SourceDate "2021.10.06"]
[SourceVersion "1"]
[SourceVersionDate "2021.10.06"]
[SourceQuality "1"]

1. d4 Nf6 2. Bf4 g6 3. e3 Bg7 4. h3 c5 5. c3 Qb6 6. Qc1 0-0 7. Nf3 d6 8. Bd3 cxd4 9. exd4 Nc6 10. Nbd2 e5 11. Nc4 Qc7 12. dxe5 dxe5 13. Bh2 Nd7 14. 0-0 Nc5 15. Bc2 b5 16. Ne3 f5 17. c4 b4 18. Nd5 Qf7 19. Qe3 Nd4 20. Rac1 Nxc2 21. Qxc5 Nd4 22. Nxd4 exd4 23. Nxb4 Be6 24. b3 Rfd8 25. Nd3 Rac8 26. Qa5 Bh6 27. Rcd1 f4 28. Qd2 g5 29. Rfe1 Bf5 30. h4 Bxd3 31. hxg5 Bxg5 32. Qxd3 Rc6 33. Re5 Rg6 34. Qf3 Rf8 35. Qd5 Qxd5 36. Rxd5 f3 37. Rd6 Rg7 38. Bg3 Be3 39. fxe3 dxe3 40. gxf3 Rxg3+ 41. Kh2 Rgxf3 42. Rd7 Rf2+ 43. Kh3 e2 44. Rg1+ Kh8 45. Rgg7 R2f7 46. Rgxf7 Rxf7 47. Rxf7 e1Q 48. Rf3 Qd2 49. Rg3 Qxa2 50. Kg4 Qe2+ 51. Kf4 a5 52. Re3 Qf2+ 53. Rf3 Qd4+ 54. Kg3 h5 55. Kg2 Qd2+ 56. Kg3 Qg5+ 57. Kf2 h4 58. Kf1 Qg4 59. Kf2 h3 60. Rg3 Qf4+ 61. Rf3 Qd2+ 62. Kg3 Qg2+ 63. Kf4 h2 0-1

[Event "Quebec Montcalm op 4 2017-18"]
[Site "Quebec"]
[Date "2018.01.25"]
[Round "3"]
[White "Gaulin, Gaetan"]
[Black "Dumont, Eric"]
[Result "1-0"]
[WhiteElo "1949"]
[BlackElo "1700"]
[PlyCount "67"]
[EventDate "2018.01.11"]
[EventType "swiss"]
[EventRounds "5"]
[EventCountry "CAN"]
[SourceTitle "EXT 2022"]
[Source "ChessBase"]
[SourceDate "2021.10.06"]
[SourceVersion "1"]
[SourceVersionDate "2021.10.06"]
[SourceQuality "1"]

1. Nf3 d5 2. c4 c6 3. d4 Nf6 4. Nc3 e6 5. e3 Bd6 6. Bd3 dxc4 7. Bxc4 Nbd7 8. 0-0 0-0 9. Qe2 Nb6 10. Bb3 Bc7 11. e4 h6 12. Rd1 Qe7 13. e5 Nfd7 14. Bf4 Rd8 15. Ne4 Nd5 16. Bg3 Qb4 17. Rac1 a5 18. Qc2 Nf8 19. a3 Qb6 20. h4 Ne7 21. Bh2 Nf5 22. Qc3 Bb8 23. g4 Nxd4 24. Rxd4 Rxd4 25. Nxd4 Ng6 26. Nf3 Ba7 27. Ba2 Qd8 28. Bg3 c5 29. Qc2 b6 30. Rd1 Qe7 31. Nd6 Bd7 32. Qe4 Rb8 33. h5 Ba4 34. b3 1-0

[Event "Quebec Montcalm op 3 2017-18"]
[Site "Quebec"]
[Date "2017.11.23"]
[Round "2"]
[White "Garcia Casillas, Carlos"]
[Black "Dumont, Eric"]
[Result "0-1"]
[WhiteElo "1802"]
[BlackElo "1677"]
[PlyCount "108"]
[EventDate "2017.11.16"]
[EventType "swiss"]
[EventRounds "5"]
[EventCountry "CAN"]
[SourceTitle "EXT 2022"]
[Source "ChessBase"]
[SourceDate "2021.10.06"]
[SourceVersion "1"]
[SourceVersionDate "2021.10.06"]
[SourceQuality "1"]

1. e4 c6 2. d3 d5 3. Nd2 e5 4. Ngf3 Bd6 5. g3 Nf6 6. Bg2 Be6 7. 0-0 Nbd7 8. Ng5 Bg4 9. f3 Bc5+ 10. Kh1 Bh5 11. Nh3 Qb6 12. g4 Bg6 13. Nb3 Be3 14. Bxe3 Qxe3 15. f4 h5 16. Re1 Qb6 17. g5 Ng4 18. Qf3 d4 19. f5 Bh7 20. Re2 0-0-0 21. a4 a5 22. Nf2 f6 23. g6 Bg8 24. Nxg4 hxg4 25. Qxg4 Bxb3 26. cxb3 Qxb3 27. Rd2 Nc5 28. Ra3 Qb4 29. Qd1 Rh6 30. Bf1 Rdh8 31. Kg1 Rh5 32. Rg2 Rxh2 33. Rxh2 Rxh2 34. Kxh2 Qxb2+ 35. Qe2 Qxa3 36. Qh5 Qa2+ 37. Kg3 Qg8 38. Qd1 Qb3 39. Qh5 Qg8 40. Qd1 Kc7 41. Qc2 b6 42. Qh2 Nxa4 43. Qh7 Qf8 44. Be2 Nc5 45. Kf3 a4 46. Qh1 b5 47. Qc1 b4 48. Qa1 Qh8 49. Bf1 Qh1+ 50. Kf2 Qh2+ 51. Bg2 Qf4+ 52. Bf3 Qe3+ 53. Kg3 Qxd3 54. Qh1 Nxe4+ 0-1

[Event "Quebec Montcalm op 2 2017-18"]
[Site "Quebec"]
[Date "2017.11.09"]
[Round "5"]
[White "Perreault, Jacquelin"]
[Black "Dumont, Eric"]
[Result "1-0"]
[WhiteElo "1850"]
[BlackElo "1666"]
[PlyCount "119"]
[EventDate "2017.10.12"]
[EventType "swiss"]
[EventRounds "5"]
[EventCountry "CAN"]
[SourceTitle "EXT 2022"]
[Source "ChessBase"]
[SourceDate "2021.10.06"]
[SourceVersion "1"]
[SourceVersionDate "2021.10.06"]
[SourceQuality "1"]

1. e4 c6 2. d4 d5 3. Nd2 dxe4 4. Nxe4 Bf5 5. Ng3 Bg6 6. h4 h6 7. h5 Bh7 8. Nf3 Nf6 9. Bd3 Bxd3 10. Qxd3 e6 11. Bd2 Na6 12. 0-0-0 Qb6 13. Kb1 Bd6 14. Ne4 Nxe4 15. Qxe4 0-0-0 16. Ne5 Qc7 17. g4 f6 18. Nc4 Qd7 19. Nxd6+ Qxd6 20. Bf4 Qd5 21. Qxd5 exd5 22. Rde1 Rde8 23. Kc1 Nc7 24. Bxc7 Kxc7 25. Kd2 Kd6 26. Kd3 b6 27. f3 Rhf8 28. f4 a6 29. c3 c5 30. b3 Rh8 31. Rhg1 Rhf8 32. Rxe8 Rxe8 33. g5 cxd4 34. cxd4 fxg5 35. fxg5 Re6 36. Rg3 hxg5 37. Rxg5 Rh6 38. Ke3 Ke6 39. Kf4 Rf6+ 40. Kg4 Rf1 41. Rg6+ Kf7 42. Rd6 Rg1+ 43. Kf4 Rg2 44. a4 b5 45. axb5 axb5 46. Rxd5 Rd2 47. Ke3 Rh2 48. Rxb5 Rh3+ 49. Ke4 Rh4+ 50. Kd3 Ke6 51. Kc4 Kf6 52. b4 g5 53. hxg6 Kxg6 54. Re5 Kf6 55. b5 Rh1 56. b6 Rh8 57. b7 Rb8 58. Rb5 Ke6 59. Kc5 Kd7 60. Kb6 1-0

[Event "Quebec Montcalm op 6 2016-17"]
[Site "Quebec"]
[Date "2017.04.20"]
[Round "5"]
[White "Dumont, Eric"]
[Black "Auger, Bertrand"]
[Result "0-1"]
[WhiteElo "1683"]
[BlackElo "1945"]
[PlyCount "122"]
[EventDate "2017.03.23"]
[EventType "swiss"]
[EventRounds "5"]
[EventCountry "CAN"]
[SourceTitle "EXT 2022"]
[Source "ChessBase"]
[SourceDate "2021.10.06"]
[SourceVersion "1"]
[SourceVersionDate "2021.10.06"]
[SourceQuality "1"]

1. d4 d5 2. Bf4 Nf6 3. e3 Nbd7 4. h3 g6 5. Nf3 Bg7 6. c4 0-0 7. Nc3 dxc4 8. Bxc4 Nb6 9. Bb3 e6 10. 0-0 Nbd5 11. Be5 Bd7 12. Rc1 Nxc3 13. bxc3 Bc6 14. c4 Qe7 15. Qe2 Rfd8 16. Rfd1 a5 17. a4 h6 18. Ne1 g5 19. Qa2 Bf8 20. Bg3 Ne4 21. Bh2 Qb4 22. Nd3 Qa3 23. Bxc7 Rdc8 24. Qxa3 Bxa3 25. Ra1 Nc3 26. Re1 Be4 27. Rxa3 Bxd3 28. Be5 Bxc4 29. Bxc4 Rxc4 30. Rb3 Nd5 31. Rxb7 Rxa4 32. Reb1 Rc4 33. Bd6 Rc2 34. Ra1 a4 35. Bc5 Kg7 36. Ra7 Rxa7 37. Bxa7 Rc4 38. Bc5 Kg6 39. Kf1 Kf5 40. Ke2 h5 41. Ra3 Kg6 42. Kd3 Rc1 43. Rxa4 Rg1 44. g3 Rh1 45. e4 Nf6 46. h4 gxh4 47. gxh4 Rxh4 48. Be7 Rh3+ 49. Ke2 Nxe4 50. Ra1 Nc3+ 51. Kd2 Nd5 52. Rg1+ Kf5 53. Rg5+ Kf4 54. Bd8 f6 55. Rg6 Kf5 56. Rg8 Ke4 57. Rf8 Rd3+ 58. Ke2 f5 59. Re8 Nf4+ 60. Ke1 Kf3 61. Ba5 Ng2+ 0-1

[Event "Quebec Montcalm op 6 2016-17"]
[Site "Quebec"]
[Date "2017.04.13"]
[Round "4"]
[White "Dumont, Eric"]
[Black "Genest, Dominic"]
[Result "0-1"]
[WhiteElo "1683"]
[BlackElo "1670"]
[PlyCount "50"]
[EventDate "2017.03.23"]
[EventType "swiss"]
[EventRounds "5"]
[EventCountry "CAN"]
[SourceTitle "EXT 2022"]
[Source "ChessBase"]
[SourceDate "2021.10.06"]
[SourceVersion "1"]
[SourceVersionDate "2021.10.06"]
[SourceQuality "1"]

1. d4 d5 2. Bf4 Nf6 3. Nf3 e6 4. Nbd2 Bd6 5. Ne5 Nh5 6. Bg3 Nxg3 7. hxg3 Nd7 8. Nxd7 Bxd7 9. e4 dxe4 10. Nxe4 Qe7 11. Nxd6+ Qxd6 12. Qg4 Qb4+ 13. c3 Qxb2 14. Rd1 Qxc3+ 15. Rd2 g6 16. Be2 0-0-0 17. Qf4 f5 18. 0-0 Bc6 19. Rdd1 Rd6 20. Qe5 Rhd8 21. Rd3 Qc4 22. d5 Bxd5 23. Rd4 Qc6 24. f3 Bxa2 25. Bb5 Qb6 0-1

[Event "Quebec Montcalm op 5 2016-17"]
[Site "Quebec"]
[Date "2017.02.16"]
[Round "1"]
[White "Lessard, Claude"]
[Black "Dumont, Eric"]
[Result "1-0"]
[WhiteElo "2163"]
[BlackElo "1691"]
[PlyCount "131"]
[EventDate "2017.02.16"]
[EventType "swiss"]
[EventRounds "5"]
[EventCountry "CAN"]
[SourceTitle "EXT 2022"]
[Source "ChessBase"]
[SourceDate "2021.10.06"]
[SourceVersion "1"]
[SourceVersionDate "2021.10.06"]
[SourceQuality "1"]

1. Nf3 d5 2. c4 c6 3. d4 Nf6 4. Nc3 g6 5. g3 Bg7 6. Bg2 dxc4 7. a4 Nbd7 8. a5 Nd5 9. Qa4 Nxc3 10. bxc3 Nf6 11. Ne5 0-0 12. 0-0 Nd5 13. Qxc4 Be6 14. Qd3 Rc8 15. e4 Nc7 16. f4 Nb5 17. Nf3 Nd6 18. Nd2 c5 19. d5 Bd7 20. e5 Bf5 21. Qe2 Ne8 22. c4 Qd7 23. Bb2 Nc7 24. Ne4 Na6 25. Bc3 Nb4 26. Nxc5 Rxc5 27. Bxb4 Bg4 28. Qa2 Rcc8 29. c5 Qb5 30. Qa3 Rfd8 31. Rf2 Qc4 32. Rd2 a6 33. Rc1 Qb5 34. h3 Be2 35. Re1 Bc4 36. d6 exd6 37. cxd6 Be6 38. Bf1 Qd7 39. g4 Rc4 40. Bxc4 Bxc4 41. Rc1 Qe6 42. Qe3 h5 43. gxh5 g5 44. f5 Qc8 45. Qxg5 Kh8 46. Rxc4 Qxc4 47. Qxd8+ Kh7 48. Qg5 Bxe5 49. d7 Bf4 50. Qxf4 Qxf4 51. d8Q Qe3+ 52. Kf1 Qf3+ 53. Rf2 Qh1+ 54. Ke2 Qe4+ 55. Kd2 Qxb4+ 56. Ke3 Qe1+ 57. Kf3 Qh1+ 58. Kf4 Qc1+ 59. Qd2 Qc4+ 60. Kg3 Qc7+ 61. Qf4 Qc3+ 62. Kh2 Qxa5 63. f6 Qb6 64. Rg2 Qc6 65. Rg7+ Kh8 66. Qh6# 1-0

[Event "Quebec Montcalm op 2 2016-17"]
[Site "Quebec"]
[Date "2016.11.10"]
[Round "5"]
[White "Halhal, Sami"]
[Black "Dumont, Eric"]
[Result "1-0"]
[WhiteElo "1808"]
[BlackElo "1771"]
[PlyCount "57"]
[EventDate "2016.10.13"]
[EventType "swiss"]
[EventRounds "5"]
[EventCountry "CAN"]
[SourceTitle "EXT 2022"]
[Source "ChessBase"]
[SourceDate "2021.10.06"]
[SourceVersion "1"]
[SourceVersionDate "2021.10.06"]
[SourceQuality "1"]

1. d4 d5 2. Nc3 Nf6 3. e4 dxe4 4. f3 Bf5 5. g4 Bg6 6. g5 Nh5 7. fxe4 e6 8. Bg2 Nc6 9. Be3 Be7 10. Qd2 Na5 11. b3 Bb4 12. a3 Be7 13. Nf3 Nc6 14. d5 exd5 15. exd5 Na5 16. Qd4 Bxc2 17. Qa4+ c6 18. Nd4 b5 19. Ncxb5 0-0 20. dxc6 Bxg5 21. Nxc2 Re8 22. 0-0 Rxe3 23. c7 Qd2 24. Bxa8 Re8 25. Rf2 Be3 26. Nxe3 Qxe3 27. Rd1 Qb6 28. Bg2 h6 29. Nd6 1-0

[Event "Quebec Montcalm op 2 2016-17"]
[Site "Quebec"]
[Date "2016.10.27"]
[Round "3"]
[White "Cummins, Paul"]
[Black "Dumont, Eric"]
[Result "1/2-1/2"]
[WhiteElo "1766"]
[BlackElo "1771"]
[PlyCount "85"]
[EventDate "2016.10.13"]
[EventType "swiss"]
[EventRounds "5"]
[EventCountry "CAN"]
[SourceTitle "EXT 2022"]
[Source "ChessBase"]
[SourceDate "2021.10.06"]
[SourceVersion "1"]
[SourceVersionDate "2021.10.06"]
[SourceQuality "1"]

1. Nf3 g6 2. d4 Nf6 3. g3 d5 4. Bg2 Bg7 5. 0-0 Nbd7 6. Re1 0-0 7. Nbd2 c6 8. c4 Qb6 9. Qc2 e5 10. c5 Qc7 11. dxe5 Nxe5 12. Nd4 Bd7 13. N2b3 Nh5 14. Nf3 Bf5 15. Qd1 Nc4 16. Nbd4 Be4 17. b3 Ne5 18. Bb2 Rfe8 19. Qd2 Qe7 20. Rac1 Nd7 21. b4 Ne5 22. Nxe5 Bxg2 23. Nxg6 hxg6 24. Kxg2 Nf6 25. f3 Kh7 26. Qd3 Rad8 27. b5 cxb5 28. Nxb5 Rh8 29. e3 Kg8 30. Kg1 Qd7 31. Nd4 Qh3 32. Qe2 Re8 33. Qg2 Qh6 34. Rc3 Nd7 35. Ra3 Nxc5 36. Ba1 a6 37. Nc2 Bxa1 38. Rxa1 b5 39. Re1 Qg7 40. Nb4 d4 41. e4 Qf6 42. Nd3 Rc8 43. Rd1 1/2-1/2

[Event "Quebec Montcalm op 1 2016-17"]
[Site "Quebec"]
[Date "2016.10.06"]
[Round "5"]
[White "Stoyanova, Stela"]
[Black "Dumont, Eric"]
[Result "0-1"]
[WhiteElo "1476"]
[BlackElo "1765"]
[PlyCount "70"]
[EventDate "2016.09.08"]
[EventType "swiss"]
[EventRounds "5"]
[EventCountry "CAN"]
[SourceTitle "EXT 2022"]
[Source "ChessBase"]
[SourceDate "2021.10.06"]
[SourceVersion "1"]
[SourceVersionDate "2021.10.06"]
[SourceQuality "1"]

1. Nf3 d5 2. d4 Nf6 3. Nbd2 g6 4. h3 Bg7 5. e3 b6 6. Be2 c5 7. c3 0-0 8. 0-0 Ba6 9. Bxa6 Nxa6 10. Ne5 Nb8 11. a3 Qd6 12. f4 Nc6 13. Ndf3 Ne4 14. Qe1 Rac8 15. b4 cxd4 16. cxd4 f6 17. Nxc6 Rxc6 18. Bb2 Rc2 19. Rb1 Rfc8 20. Bc1 Nc3 21. Ra1 Re2 22. Qh4 Ne4 23. Ne1 Rc6 24. Qg4 Nc3 25. a4 Qxb4 26. Qd7 Qd6 27. Qe8+ Bf8 28. Ba3 Qe6 29. Bxe7 Rc8 30. f5 Qxe3+ 31. Kh1 Rxe8 32. Bxf6 Ne4 33. Rf3 Rxe1+ 34. Rxe1 Qxe1+ 35. Kh2 Nxf6 0-1

[Event "Montcalm II 2015-16"]
[Site "Quebec"]
[Date "2015.10.29"]
[Round "3"]
[White "Dumont, Eric"]
[Black "Genest, Dominic"]
[Result "0-1"]
[WhiteElo "1710"]
[BlackElo "1697"]
[PlyCount "66"]
[EventDate "2015.10.15"]
[EventType "swiss"]
[EventRounds "5"]
[EventCountry "CAN"]
[SourceTitle "EXT 2019"]
[Source "ChessBase"]
[SourceDate "2018.10.10"]
[SourceVersion "1"]
[SourceVersionDate "2018.10.10"]
[SourceQuality "1"]

1. d4 d5 2. Bf4 Nf6 3. Nf3 e6 4. e3 c5 5. c3 Qb6 6. Qc1 Nc6 7. Bd3 Bd7 8. Nbd2 Rc8 9. 0-0 cxd4 10. exd4 Nh5 11. Nb3 Nb4 12. Bb1 Bb5 13. Qe3 Nxf4 14. cxb4 Bxf1 15. Qxf4 Be2 16. Ng5 f6 17. Qe3 fxg5 18. Qxe2 g6 19. Bd3 Bxb4 20. Qe5 Kf7 21. Qxg5 Be7 22. Qf4+ Bf6 23. Nc5 Qc7 24. Qg4 Rhe8 25. h4 Bxd4 26. Nxe6 Bxf2+ 27. Kxf2 Rxe6 28. Kg1 Qe5 29. Rf1+ Kg7 30. Bf5 Qe3+ 31. Kh1 Rf8 32. Bxe6 Rxf1+ 33. Kh2 Qe5+ 0-1

[Event "Montcalm II 2015-16"]
[Site "Quebec"]
[Date "2015.10.15"]
[Round "1"]
[White "Dumont, Eric"]
[Black "Leblanc Legault, Mathieu"]
[Result "0-1"]
[WhiteElo "1710"]
[BlackElo "1638"]
[PlyCount "116"]
[EventDate "2015.10.15"]
[EventType "swiss"]
[EventRounds "5"]
[EventCountry "CAN"]
[SourceTitle "EXT 2019"]
[Source "ChessBase"]
[SourceDate "2018.10.10"]
[SourceVersion "1"]
[SourceVersionDate "2018.10.10"]
[SourceQuality "1"]

1. d4 c6 2. Nf3 Nf6 3. Bf4 d5 4. e3 Bg4 5. Nbd2 e6 6. Bd3 Bd6 7. Bg3 Bxg3 8. hxg3 Nbd7 9. c4 Qc7 10. Qa4 Bxf3 11. Nxf3 Nb6 12. Qa5 dxc4 13. Bxc4 Nfd5 14. Qa3 Qe7 15. Qxe7+ Kxe7 16. Ne5 Rad8 17. Ke2 Nd7 18. Nf3 N5b6 19. Bb3 c5 20. Rac1 Rc8 21. Rhd1 cxd4 22. Nxd4 a6 23. Nf3 Rc5 24. Nd2 Rhc8 25. Rxc5 Nxc5 26. Nc4 Nxc4 27. Bxc4 Na4 28. Bb3 Nxb2 29. Rd2 Nc4 30. Rc2 b5 31. Bxc4 Rxc4 32. Rd2 Rc6 33. Rb2 Kd7 34. Kd3 Kc7 35. Rb4 Kb6 36. Rf4 f6 37. Rh4 h6 38. Rg4 g5 39. Re4 a5 40. g4 e5 41. f4 exf4 42. exf4 gxf4 43. Rxf4 a4 44. Rf5 Ka5 45. Rh5 Rc4 46. Rxh6 Rxg4 47. Rxf6 Rxg2 48. a3 Rg3+ 49. Kc2 Rxa3 50. Kb2 Re3 51. Rf4 a3+ 52. Ka2 b4 53. Rh4 Re2+ 54. Kb3 Rb2+ 55. Kc4 a2 56. Rh5+ Ka4 57. Rh1 Rc2+ 58. Kd5 Ka3 0-1

[Event "Quebec Montcalm op 1 2014-15"]
[Site "Quebec"]
[Date "2014.09.25"]
[Round "4"]
[White "Cournoyer, Dominic"]
[Black "Dumont, Eric"]
[Result "1-0"]
[WhiteElo "1931"]
[BlackElo "1703"]
[PlyCount "99"]
[EventDate "2014.09.04"]
[EventType "swiss"]
[EventRounds "5"]
[EventCountry "CAN"]
[SourceTitle "EXT 2022"]
[Source "ChessBase"]
[SourceDate "2021.10.06"]
[SourceVersion "1"]
[SourceVersionDate "2021.10.06"]
[SourceQuality "1"]

1. c4 c5 2. Nf3 Nf6 3. d4 cxd4 4. Nxd4 b6 5. g3 Bb7 6. Nf3 Nc6 7. Bg2 g6 8. 0-0 Bg7 9. Nc3 0-0 10. Bf4 d6 11. Qa4 Qd7 12. Rfd1 Rfc8 13. Rac1 Qe8 14. b4 e5 15. Bg5 Qf8 16. Bxf6 Bxf6 17. Nd5 Bg7 18. e3 Ne7 19. Ng5 Nxd5 20. Bxd5 Bxd5 21. Rxd5 Bf6 22. Ne4 Be7 23. Qd1 Rd8 24. Qd3 f5 25. Nc3 a6 26. a3 Qf6 27. Qe2 e4 28. Rdd1 Qf7 29. Nd5 Rab8 30. Nc7 a5 31. b5 d5 32. cxd5 Bxa3 33. Rc6 Bc5 34. Ne6 Rdc8 35. Nxc5 bxc5 36. Qc4 Ra8 37. Qxc5 Rd8 38. b6 a4 39. Rc7 Qf6 40. b7 Rab8 41. Qe7 Qxe7 42. Rxe7 a3 43. Rc7 a2 44. Ra1 Rxd5 45. Rxa2 Rd1+ 46. Kg2 Rdd8 47. Rac2 h6 48. Rc8 Rxb7 49. Rxd8+ Kf7 50. Rc6 1-0

[Event "Quebec Montcalm op 2 2012-13"]
[Site "Quebec"]
[Date "2012.10.25"]
[Round "3"]
[White "Dumont, Eric"]
[Black "Ripoll, Arthur"]
[Result "1-0"]
[WhiteElo "1703"]
[BlackElo "1555"]
[PlyCount "67"]
[EventDate "2012.10.11"]
[EventType "swiss"]
[EventRounds "5"]
[EventCountry "CAN"]
[SourceTitle "EXT 2022"]
[Source "ChessBase"]
[SourceDate "2021.10.06"]
[SourceVersion "1"]
[SourceVersionDate "2021.10.06"]
[SourceQuality "1"]

1. d4 d5 2. Nf3 Nf6 3. Bf4 e6 4. e3 Bd6 5. Ne5 Nfd7 6. Bd3 Nxe5 7. dxe5 Bc5 8. c3 Nc6 9. Qg4 g6 10. h4 Bd7 11. Nd2 Bf8 12. Nf3 Bg7 13. Qg3 Rf8 14. h5 Qe7 15. hxg6 hxg6 16. Bg5 f6 17. Bxg6+ Kd8 18. exf6 Bxf6 19. Rh7 Bxg5 20. Rxe7 Bxe7 21. 0-0-0 Bd6 22. Qh4+ Ne7 23. c4 c6 24. Nd4 Kc7 25. Bd3 Rh8 26. Qg4 Rag8 27. Qe2 Rxg2 28. cxd5 exd5 29. Qc2 Bg3 30. Qc5 Bd6 31. Nb5+ Kb8 32. Qxd6+ Ka8 33. Nc7+ Kb8 34. Na6+ 1-0